Statistics for Can you guess the country by its low-poly shape?

Click here to take the quiz!

General Stats

  • This quiz has been taken 44 times
  • The average score is 16 of 20

Answer Stats

Answer% Correct
Germany
100%
Italy
97%
China
95%
Japan
95%
Mexico
95%
Switzerland
89%
New Zealand
87%
Madagascar
84%
Canada
82%
Philippines
82%
Mongolia
76%
Chad
74%
D.R. Congo
74%
Panama
71%
Ireland
68%
Tunisia
66%
Gambia
61%
Paraguay
58%
Estonia
55%
Kuwait
47%

Score Distribution

Percentile by Number Answered

Percent of People with Each Score

Your Score History

You have not taken this quiz